Guess the TV Show from the quote (Level easy) - Statistics

General Stats
  • This quiz has been taken 16 times
  • The average score is 4 of 12
Answer Stats
Quote TV show % Correct
"Say my name" Breaking Bad
73%
"The place is 221B baker street" Sherlock
47%
"That's what she said" The Office
47%
"Legen... wait for it.. Dary" How I met your mother
40%
"Nosotros somos bandidos" Narcos
40%
"I don't make mistakes. I'm not like the rest of you. I'm stronger. I'm smarter. I'm better. I'm better." The Boys
40%
"You have failed this city" Arrow
33%
"Tonight is the night" Dexter
33%
"I built this s***, me, brick by brick" Snowfall
33%
"Who wants to be king" Vikings
20%
“But I warn you… it will break your heart.” Peaky Blinders
13%
"I got this" Sons of Anarchy
7%
No matching quizzes found
Score Distribution
Percent of People with Each Score
Percentile by Number Answered
Your Score History
You have not taken this quiz